| 000 | 00495cam a2200205ua 4500 | ||
|---|---|---|---|
| 001 | 10631 | ||
| 005 | 20260515114638.0 | ||
| 008 | 190322n ii |||gr||||Z||||||eng | ||
| 020 | _a9789327264470 | ||
| 040 | _cMAIN | ||
| 082 | _a658.1511 | ||
| 100 |
_aS P Jain, _eAuthor. |
||
| 245 | _aManagement accounting | ||
| 250 | _a3rd rev ed. | ||
| 260 |
_aLudhiana: _bKalyani publishers, _c2016. |
||
| 300 | _a314p. | ||
| 653 | _aGeneral management | ||
| 700 |
_aK L Narang, _eAuthor. |
||
| 942 | _cBK | ||
| 999 |
_c9593 _d9593 |
||